00332pab a2200121 454500008004000000100002000040245006800060260000900128300001100137362001000148650001900158773003300177180718b1983 xxu||||| |||| 00| 0 eng d aAjith Kumar, G. aTransfer of high court judges and independence of the judiciary c1983 a251-80 aSept. aJudges - India aCochin University Law Review